MARC details
| 000 -LEADER |
| fixed length control field |
01689cad a22003255a 4500 |
| 001 - CONTROL NUMBER |
| control field |
L121630 |
| 008 - FIXED-LENGTH DATA ELEMENTS--GENERAL INFORMATION |
| fixed length control field |
030317s2002 xxk 000 0 eng u |
| 020 ## - INTERNATIONAL STANDARD BOOK NUMBER |
| International Standard Book Number |
0117536458 |
| 035 ## - SYSTEM CONTROL NUMBER |
| System control number |
(Sirsi) u121630 |
| 050 ## - LIBRARY OF CONGRESS CALL NUMBER |
| Classification number |
692.2 |
| -- |
18 |
| 110 ## - MAIN ENTRY--CORPORATE NAME |
| Corporate name or jurisdiction name as entry element |
United Kingdom |
| Subordinate unit |
Office of the Deputy Prime Minister |
| 245 #4 - TITLE STATEMENT |
| Title |
The Building Act 1984 : the Building (Amendment) (No. 2) Regulations 2002 and the Building (Approved Inspectors etc. ) (Amendment) Regulations 2002 |
| Medium |
[electronic resource] |
| 260 ## - PUBLICATION, DISTRIBUTION, ETC. |
| Place of publication, distribution, etc. |
Norwich |
| Name of publisher, distributor, etc. |
TSO |
| Date of publication, distribution, etc. |
2002 |
| 350 ## - PRICE (NR) (BK AM CF MU VM SE) [OBSOLETE] |
| Price |
6.50 |
| 490 ## - SERIES STATEMENT |
| Series statement |
ODPM Circular |
| Volume/sequential designation |
03/2002 |
| 520 ## - SUMMARY, ETC. |
| Summary, etc. |
Dated 19 December 2002. Introduces the new Parts B and E in the Building Regulations 2000 Sched 1, the new requirements for sound insulation testing in the Building Regulations 2000 and the Building (Approved Inspectors etc.) Regulations 2000, and related amendments. View at www.safety.odpm.gov.uk. |
| 650 ## - SUBJECT ADDED ENTRY--TOPICAL TERM |
| Topical term or geographic name entry element |
BUILT ENVIRONMENT-CONSTRUCTION DESIGN-ACOUSTICS |
| 650 ## - SUBJECT ADDED ENTRY--TOPICAL TERM |
| Topical term or geographic name entry element |
BUILDING (AMENDMENT) (NO. 2) REGULATIONS 2002 |
| 650 ## - SUBJECT ADDED ENTRY--TOPICAL TERM |
| Topical term or geographic name entry element |
BUILDING (APPROVED INSPECTORS ETC.) (AMENDMENT) REGULATIONS 2002 |
| 650 ## - SUBJECT ADDED ENTRY--TOPICAL TERM |
| Topical term or geographic name entry element |
BUILDING (APPROVED INSPECTORS ETC.) REGULATIONS 2000 |
| 650 ## - SUBJECT ADDED ENTRY--TOPICAL TERM |
| Topical term or geographic name entry element |
BUILDING REGULATIONS 2000 |
| 650 ## - SUBJECT ADDED ENTRY--TOPICAL TERM |
| Topical term or geographic name entry element |
BUILDING REGULATIONS 2000 APPROVED DOCUMENT B (2002 EDITION) |
| 650 ## - SUBJECT ADDED ENTRY--TOPICAL TERM |
| Topical term or geographic name entry element |
BUILDING REGULATIONS 2000 APPROVED DOCUMENT E (2003 EDITION) |
| 650 ## - SUBJECT ADDED ENTRY--TOPICAL TERM |
| Topical term or geographic name entry element |
MANAGEMENT-HEALTH AND SAFETY-FIRE SAFETY |
| 650 ## - SUBJECT ADDED ENTRY--TOPICAL TERM |
| Topical term or geographic name entry element |
NOISE INSULATION |
| 650 ## - SUBJECT ADDED ENTRY--TOPICAL TERM |
| Topical term or geographic name entry element |
ODPM CIRCULAR 03/2002 |
| 690 ## - LOCAL SUBJECT ADDED ENTRY--TOPICAL TERM (OCLC, RLIN) |
| Topical term or geographic name as entry element |
BUILT ENVIRONMENT-BUILDING STANDARDS |
| 856 ## - ELECTRONIC LOCATION AND ACCESS |
| Uniform Resource Identifier |
<a href="https://www.communities.gov.uk/documents/planningandbuilding/pdf/133127.pdf">https://www.communities.gov.uk/documents/planningandbuilding/pdf/133127.pdf</a> |
| Hours access method available |
View the Circular at www.communities.gov.uk |
| 942 ## - ADDED ENTRY ELEMENTS (KOHA) |
| Suppress in OPAC |
0 |